Dead reckoning : memories of the 1971 Bangladesh War (Record no. 11509)
[ view plain ]
| 000 -LEADER | |
|---|---|
| fixed length control field | 00393nam a22001457a 4500 |
| 020 ## - INTERNATIONAL STANDARD BOOK NUMBER | |
| International Standard Book Number | 9780199064779 |
| 082 ## - DEWEY DECIMAL CLASSIFICATION NUMBER | |
| Classification number | 954.92046 |
| 100 ## - MAIN ENTRY--PERSONAL NAME | |
| Personal name | Bose, Sarmila |
| 245 ## - TITLE STATEMENT | |
| Title | Dead reckoning : memories of the 1971 Bangladesh War |
| 260 ## - PUBLICATION, DISTRIBUTION, ETC. | |
| Place of publication, distribution, etc. | New York ; |
| Name of publisher, distributor, etc. | Oxford University Press, |
| Date of publication, distribution, etc. | 2011 |
| 300 ## - PHYSICAL DESCRIPTION | |
| Extent | 239 p. : |
| 650 ## - SUBJECT ADDED ENTRY--TOPICAL TERM | |
| Topical term or geographic name entry element | Revolution--War and society |
| 700 ## - ADDED ENTRY--PERSONAL NAME | |
| Personal name | Bose, Sarmila |
| 942 ## - ADDED ENTRY ELEMENTS (KOHA) | |
| Koha item type | Book |
| Withdrawn status | Lost status | Damaged status | Not for loan | Collection code | Permanent Location | Current Location | Shelving location | Date acquired | Source of acquisition | Cost, normal purchase price | Total Checkouts | Total Renewals | Full call number | Barcode | Date last seen | Date last checked out | Price effective from | Koha item type | Source of classification or shelving scheme |
|---|---|---|---|---|---|---|---|---|---|---|---|---|---|---|---|---|---|---|---|
| Central Library (CL) | Central Library (CL) | General Stacks | 01/07/2013 | Allied Book Company | 536.50 | 2 | 1 | 954.92046 BOS | SEECS011840 | 10/19/2020 | 07/13/2019 | 01/11/2013 | Book | ||||||
| Central Library (CL) | Central Library (CL) | General Stacks | 08/24/2020 | Donation | 1 | 954.92046 BOS | CL-D-951 | 02/11/2022 | 08/24/2020 | Book |
